Normal view
MARC view
Entry Topical Term
001 - CONTROL NUMBER
- control field: 4962
003 - CONTROL NUMBER IDENTIFIER
- control field: OSt
005 - DATE AND TIME OF LATEST TRANSACTION
- control field: 20150527141926.0
008 - FIXED-LENGTH DATA ELEMENTS
- fixed length control field: 150527|| aca||aabn | a|a d
040 ## - CATALOGING SOURCE
- Original cataloging agency: OSt
- Transcribing agency: OSt
150 ## - HEADING--TOPICAL TERM
- Topical term or geographic name entry element: Chemical engineering.
670 ## - SOURCE DATA FOUND
- Source citation: Work cat.: (OSt)1888: Coulson, J. M. (John Metcalfe) 4961, Coulson & Richardson's chemical engineering /, 1996-<2005>
